| 000 | 00448nam a2200169Ia 4500 | ||
|---|---|---|---|
| 008 | 221030s9999 xx 000 0 und d | ||
| 020 | _a007136188X | ||
| 041 | _aEnglish | ||
| 082 |
_a105.23 _bTol |
||
| 100 | _aR. A. M. Toledo | ||
| 245 | 0 |
_aSchaum`s Fundamentals of Relational Databases _cby R. A. M. Toledo, P. K. Cushman |
|
| 260 |
_bTMH _aNew Delhi _c2001 |
||
| 300 | _a249 | ||
| 650 | _aBE Computer | ||
| 700 | _aP. K. Cushman | ||
| 942 | _cBK | ||
| 999 |
_c2065 _d2065 |
||